Promo ESITC - Statistiques

Statistiques générales
  • Ce quiz a été pris 6 fois
  • Le résultat moyen est 22 sur 68
Statistiques - réponses
Réponse % Correct
Antoine
83%
Charles
83%
Paul
83%
Ancelin
67%
Elise B
67%
Ghislain
67%
Katell
67%
Laura
67%
Robin
67%
Simon
67%
Tanguy
67%
Thomas
67%
Victor
67%
Zoe
67%
Alice
50%
Capucine
50%
Charlotte
50%
Ibo
50%
Jonathan
50%
Louis S
50%
Marc
50%
Marco
50%
Pierre
50%
Romain
50%
Sami
50%
Baptiste
33%
Elise G
33%
Ilias
33%
Louis P
33%
Maxime
33%
Melvyn
33%
Nicolas H
33%
Nicolas M
33%
Noémie
33%
Sarah
33%
Selim
33%
Youssouf
33%
Adrien L
17%
Benjamin D
17%
Benjamin L
17%
Corentin B
17%
Corentin G
17%
Erwan
17%
Guillaume D
17%
Kent
17%
Mathieu
17%
Pablo
17%
Renan
17%
Samuel
17%
Steeve
17%
Tom
17%
Valentin
17%
Zachary
17%
Adrien P
0%
Arnaud M
0%
Arnaud W
0%
Bastien
0%
Carla
0%
Dylan
0%
Ekin
0%
Guillaume R
0%
Jeane
0%
Josué
0%
Julie
0%
Lucas D
0%
Lucas L
0%
Maxence
0%
Thibault
0%
Aucun quiz correspondant
Distribution des résultats
% des personnes avec chaque résultat
Percentile par nombre de réponses
Votre historique - résultats
Vous n’avez pas pris ce quiz